00580 a2200157 4500020001500000082001600015100002200031245005300053250001200106260004600118300003400164650003500198999001300233952009500246952008100341 a0137313187 a620.104 SHA aShames, Irving H. aEngineering Mechanics DynamicscIrving H. Shames a4th ed. aNew Jersey :bPrentice Hall Europe,c1998 axvi, 1024p. :bill . ;c25 cm aEngineering Mechanics Dynamics c771d771 00104070aNITbNITcCEd0000-00-00l0o620.104 SHApNIT-295 r2017-01-05w2017-01-05yBK 00104070aNITbNITcCEd0000-00-00l0pNIT-311r2017-01-05w2017-01-05yBK